000 00480nam a2200133Ia 4500
005 20260209120145.0
008 260209s9999||||xx |||||||||||||| ||und||
100 _aObbattu Sudheendra Kumar
245 3 _aAn analysis of governmental bodies conduct as a party to arbitration
260 _aBangaloreBangalore
_bNLSIU, Bangalore
_c2021
300 _a49 p. ; 25 cm.
700 _aProf. V Nagaraj - GuideProf. V Nagaraj - Guide
856 _uhttps://dans.nls.ac.in/handle/123456789/878
999 _c217510
_d217510